| 000 | 00407nam a22001577a 4500 | ||
|---|---|---|---|
| 005 | 20260304155055.0 | ||
| 008 | 260304b |||||||| |||| 00| 0 eng d | ||
| 020 | _a978-0-3332-1732-0 | ||
| 100 | _aBORNAT RICHARD | ||
| 245 | _aUNDERSTANDING AND WRITING COMPILERS | ||
| 260 |
_aLONDON _bMACMILLAN _c1979 |
||
| 300 | _aix,396p. | ||
| 500 | _aINCLUDES AN INDEX | ||
| 650 | _aCOMMPILIERS | ||
| 942 |
_2lcc _cBK |
||
| 999 |
_c216778 _d216778 |
||